The Mishnah, oral teachings of Judaism. (Record no. 2495)

000 -LEADER
fixed length control field 00711nam a2200205 a 4500
001 - CONTROL NUMBER
control field :::00000220$&:&@@
003 - CONTROL NUMBER IDENTIFIER
control field OkBaRHE
005 - DATE AND TIME OF LATEST TRANSACTION
control field 20100331143214.0
008 - FIXED-LENGTH DATA ELEMENTS--GENERAL INFORMATION
fixed length control field s1970 j 000 0 eng u
020 ## - INTERNATIONAL STANDARD BOOK NUMBER
International Standard Book Number 0393043169
040 ## - CATALOGING SOURCE
Transcribing agency
245 14 - TITLE STATEMENT
Title The Mishnah, oral teachings of Judaism.
Statement of responsibility, etc Selected and translated by Eugene J. Lipman.
250 ## - EDITION STATEMENT
Edition statement [1st ed.]
260 ## - PUBLICATION, DISTRIBUTION, ETC. (IMPRINT)
Place of publication, distribution, etc New York
Name of publisher, distributor, etc Norton
Date of publication, distribution, etc 1970
300 ## - PHYSICAL DESCRIPTION
Extent 318 p. ;
Dimensions 22 cm.
490 0# - SERIES STATEMENT
Series statement The Bʾnai Bʾrith Jewish heritage classics
700 ## - ADDED ENTRY--PERSONAL NAME
Personal name Lipman, Eugene J., ed.
942 ## - ADDED ENTRY ELEMENTS (KOHA)
Source of classification or shelving scheme
Koha item type Books
Copies
Date checked out Total Renewals Barcode Date last seen Source of classification or shelving scheme Damaged status Date acquired Copy number Total Checkouts Lost status Withdrawn status Full call number Permanent Location Current Location Not for loan Price effective from Koha item type Shelving location
2011-12-1512202018-01-09  2010-04-1412  BM 497.5 .E5 L55RHEMA Bible Training CollegeRHEMA Bible Training College 2010-04-14BooksGeneral Stacks